| 000 | 00540nam a2200229Ia 4500 | ||
|---|---|---|---|
| 008 | 210210b1929 xxu||||| |||| 00| 0 eng d | ||
| 041 | _aeng | ||
| 082 | _a383/48 | ||
| 100 | _aCOLES (Arthur) | ||
| 245 | _aGuide for the company secretary Ed 6 | ||
| 260 |
_aLondon _bSir Isaac Pitman & Sons Ltd., _c1929 |
||
| 300 | _axii,268 | ||
| 650 | _asecretary | ||
| 650 | _aGuide | ||
| 650 | _afor | ||
| 650 | _aEd | ||
| 650 | _acompany | ||
| 650 | _a6 | ||
| 690 | _aSecretarial Practice | ||
| 700 | _aWOOD (W Cecil) | ||
| 906 | _a005244 | ||
| 999 |
_c125152 _d125152 |
||